000 00761cam a22002533a 4500
001 9069
003 PGUSA
005 20140828083207.0
008 051001s2005||||xxu|||||s|||||000 | eng d
040 _aPGUSA
_beng
042 _adc
050 4 _aBR
100 1 _aBertrand, Louis,
_d1866-1941
245 1 0 _aSaint Augustin
_h[electronic resource] /
_cLouis Bertrand
260 _bProject Gutenberg,
_c2005
506 _aPublic domain in the USA.
516 _aElectronic text
653 _aChristian saints -- Algeria -- Hippo (Extinct city) -- Biography
653 _aAugustine, Saint, Bishop of Hippo
700 1 _aO'Sullivan, Vincent,
_d1872-1940
830 0 _aProject Gutenberg
_v9069
856 4 0 _uhttp://www.gutenberg.org/ebooks/9069
942 _cEB
999 _c238353
_d238353